| 000 -LEADER |
| fixed length control field |
00613nam a22002057a 4500 |
| 001 - CONTROL NUMBER |
| control field |
18489 |
| 003 - CONTROL NUMBER IDENTIFIER |
| control field |
BD-DhUAP |
| 005 - DATE AND TIME OF LATEST TRANSACTION |
| control field |
20210103123749.0 |
| 008 - FIXED-LENGTH DATA ELEMENTS--GENERAL INFORMATION |
| fixed length control field |
200318s1996 enk||||| |||| 00| 0 eng d |
| 040 ## - CATALOGING SOURCE |
| Original cataloging agency |
BD-DhUAP |
| Language of cataloging |
Eng |
| Transcribing agency |
BD-DhUAP |
| Modifying agency |
BD-DhUAP |
| 082 ## - DEWEY DECIMAL CLASSIFICATION NUMBER |
| Edition number |
23 |
| Classification number |
813.52 BEL |
| 100 ## - MAIN ENTRY--PERSONAL NAME |
| Personal name |
Bellow, Saul. |
| 245 ## - TITLE STATEMENT |
| Title |
Seize the day / |
| Statement of responsibility, etc. |
Saul Bellow ; with an introduction by Cynthia Ozick. |
| 260 ## - PUBLICATION, DISTRIBUTION, ETC. |
| Place of publication, distribution, etc. |
Dhaka : |
| Name of publisher, distributor, etc. |
Student low cost text, |
| Date of publication, distribution, etc. |
c1956. |
| 300 ## - PHYSICAL DESCRIPTION |
| Extent |
xxiv, 118 pages ; |
| Dimensions |
20 cm. |
| 650 ## - SUBJECT ADDED ENTRY--TOPICAL TERM |
| Topical term or geographic name entry element |
Psychological fiction. |
| 650 ## - SUBJECT ADDED ENTRY--TOPICAL TERM |
| Topical term or geographic name entry element |
Middle-aged men |
| 651 ## - SUBJECT ADDED ENTRY--GEOGRAPHIC NAME |
| Geographic name |
New York (State) |
| Form subdivision |
New York. |
| 942 ## - ADDED ENTRY ELEMENTS (KOHA) |
| Source of classification or shelving scheme |
|
| Koha item type |
Book |